Research Design: (Record no. 211374)
[ view plain ]
| 000 -LEADER | |
|---|---|
| fixed length control field | 00742nam a2200217Ia 4500 |
| 005 - DATE AND TIME OF LATEST TRANSACTION | |
| control field | 20220110191354.0 |
| 008 - FIXED-LENGTH DATA ELEMENTS--GENERAL INFORMATION | |
| fixed length control field | 210716s2013 xx 000 0 und d |
| 020 ## - INTERNATIONAL STANDARD BOOK NUMBER | |
| International Standard Book Number | 978-93-532-8735-I |
| 040 ## - CATALOGING SOURCE | |
| Transcribing agency | AIMIT LIBRARY |
| 041 ## - LANGUAGE CODE | |
| Language code of text/sound track or separate title | eng |
| 082 ## - DEWEY DECIMAL CLASSIFICATION NUMBER | |
| Classification number | 001.42 |
| Edition number | 4 |
| Item number | CREJ |
| 100 ## - MAIN ENTRY--PERSONAL NAME | |
| Personal name | Creswell, John W. |
| 9 (RLIN) | 12828 |
| 245 ## - TITLE STATEMENT | |
| Title | Research Design: |
| Remainder of title | Qualitative, Quantitative and Mixed Methods Approaches / |
| Statement of responsibility, etc. | by John W. Creswell. |
| 250 ## - EDITION STATEMENT | |
| Edition statement | 4th. ed . - |
| 260 ## - PUBLICATION, DISTRIBUTION, ETC. | |
| Place of publication, distribution, etc. | New Delhi: |
| Name of publisher, distributor, etc. | Sage Publications, |
| Date of publication, distribution, etc. | 2013. |
| 300 ## - PHYSICAL DESCRIPTION | |
| Extent | xviii,190,G-9,R-9,I-9p. ; 23.6 cm. |
| 650 ## - SUBJECT ADDED ENTRY--TOPICAL TERM | |
| Topical term or geographic name entry element | Quantitative Methods. |
| 9 (RLIN) | 12829 |
| 650 ## - SUBJECT ADDED ENTRY--TOPICAL TERM | |
| Topical term or geographic name entry element | Mixed Method Procedures. |
| 9 (RLIN) | 12830 |
| 650 ## - SUBJECT ADDED ENTRY--TOPICAL TERM | |
| Topical term or geographic name entry element | Strategies and Ethical Considerations. |
| 9 (RLIN) | 12831 |
| 942 ## - ADDED ENTRY ELEMENTS (KOHA) | |
| Source of classification or shelving scheme | Dewey Decimal Classification |
| Koha item type | Book |
| Edition | 4th |
| Call number prefix | 001.42 CREJ |
| Withdrawn status | Lost status | Damaged status | Not for loan | Collection code | Home library | Current library | Date acquired | Cost, normal purchase price | Total Checkouts | Full call number | Barcode | Date last seen | Cost, replacement price | Price effective from | Koha item type |
|---|---|---|---|---|---|---|---|---|---|---|---|---|---|---|---|
| MBA | St Aloysius Institute of Management & Information Technology | St Aloysius Institute of Management & Information Technology | 11/09/2019 | 550.00 | 001.42 CREJ | MBA13943 | 05/23/2026 | 440.00 | 07/16/2021 | Book | |||||
| MBA | St Aloysius Institute of Management & Information Technology | St Aloysius Institute of Management & Information Technology | 11/09/2019 | 550.00 | 001.42 CREJ | MBA13944 | 05/23/2026 | 440.00 | 07/16/2021 | Book | |||||
| MBA | St Aloysius Institute of Management & Information Technology | St Aloysius Institute of Management & Information Technology | 11/09/2019 | 550.00 | 001.42 CREJ | MBA13945 | 05/23/2026 | 440.00 | 07/16/2021 | Book | |||||
| MBA | St Aloysius Institute of Management & Information Technology | St Aloysius Institute of Management & Information Technology | 11/09/2019 | 550.00 | 001.42 CREJ | MBA13946 | 05/23/2026 | 440.00 | 07/16/2021 | Book | |||||
| MBA | St Aloysius Institute of Management & Information Technology | St Aloysius Institute of Management & Information Technology | 11/09/2019 | 550.00 | 001.42 CREJ | MBA13947 | 05/23/2026 | 440.00 | 07/16/2021 | Book |